000 01257nam a2200337 i 4500
005 20210727153002.0
007 ta
008 200421s1995 mx a jr 000 j spa
020 _a9681642724
040 _aCO-BoRNBP
_bspa
_erda
_cCO-BoRNBP
041 1 _heng
043 _ae-uk-en---
084 _aC BRO1
100 1 _aBrowne, Anthony
_b1946-
_dautor
245 1 0 _aZoológico
_cAnthony Browne ; traducción de Carmen Esteva
250 _aPrimera edición
264 1 _aMéxico
_bFondo de Cultura Económica
_c1995
300 _a28 páginas
_bilustraciones a color
_c30 cm
336 _atexto
_btxt
_2rdacontent
337 _asin mediación
_bn
_2rdamedia
338 _avolumen
_bnc
_2rdacarrier
490 0 _aLos especiales de la orilla del viento
520 _aUna familia -mamá, papá y dos hijos- pasan un día en el zoológico. Mientras ellos observan a los animales, los animales los observan a ellos. ¿Qué es lo que cada quien ve?
521 _aRecomendado para niños de 5 a 6 años
534 _t Zoo
650 1 7 _aCuentos infantiles Ingleses
_ySiglo XX
_2ARMARC
650 1 7 _aLiteratura infantil inglesa
_ySiglo XX
_2ARMARC
650 1 7 _aAnimales de zoológico
_vCuentos
_2ARMARC
700 1 _aEsteva, Carmen
_etraductor
942 _2loc
_cBKLIT
999 _c389
_d389